[Event "IECG CP.2003.P.00089 email"]
[Site "IECG email"]
[Date "2003.10.01"]
[Round "?"]
[White "Fels, Bernhard"]
[Black "Molinier, David"]
[Result "1-0"]
[WhiteElo "2120"]
[BlackElo "752"]
[PlyCount "63"]
[EventDate "2003.10.01"]
[EventType "tourn (corr)"]
[EventRounds "6"]
[SourceTitle "Corr 2008"]
[Source "ChessBase"]
[SourceDate "2008.06.24"]
[SourceVersion "1"]
[SourceVersionDate "2008.06.24"]
[SourceQuality "1"]

1. d4 Nf6 2. c4 g6 3. Nc3 d5 4. cxd5 Nxd5 5. e4 Nxc3 6. bxc3 Bg7 7. Nf3 0-0 8. Be2 Nc6 9. 0-0 b6 10. Bg5 Bb7 11. Qd2 Qd7 12. Bh6 e5 13. Bxg7 Kxg7 14. d5 Ne7 15. Nxe5 Qd8 16. c4 Qd6 17. Nf3 c6 18. e5 Qd7 19. d6 Ng8 20. c5 Rfd8 21. Qc3 Kf8 22. Ng5 h6 23. Nh7+ Ke8 24. Rae1 a5 25. Bc4 Qf5 26. e6 f6 27. Qg3 Rd7 28. exd7+ Kxd7 29. Qb3 Qxc5 30. Bxg8 Kxd6 31. Qg3+ Kd7 32. Nxf6+ 1-0

[Event "IECG CP.2003.P.00089 email"]
[Site "IECG email"]
[Date "2003.10.01"]
[Round "?"]
[White "Molinier, David"]
[Black "Parra, Christian"]
[Result "0-1"]
[WhiteElo "752"]
[BlackElo "2150"]
[PlyCount "60"]
[EventDate "2003.10.01"]
[EventType "tourn (corr)"]
[EventRounds "6"]
[SourceTitle "Corr 2008"]
[Source "ChessBase"]
[SourceDate "2008.06.24"]
[SourceVersion "1"]
[SourceVersionDate "2008.06.24"]
[SourceQuality "1"]

1. d4 Nf6 2. c4 e6 3. g3 d5 4. Bg2 Be7 5. Nf3 0-0 6. 0-0 dxc4 7. Qa4 a6 8. Nc3 b5 9. Qc2 Bb7 10. e3 Nc6 11. a3 Na5 12. e4 Nb3 13. Ra2 Nxd4 14. Nxd4 Qxd4 15. Rd1 Qb6 16. e5 Nd5 17. Ne2 f6 18. exf6 Bxf6 19. Nf4 Nxf4 20. Bxf4 Bxg2 21. Kxg2 Qc6+ 22. Kg1 e5 23. Be3 Rad8 24. Raa1 Qf3 25. Bc5 Rfe8 26. Bb4 e4 27. Re1 Rd3 28. Bc5 Red8 29. h4 Bxh4 30. gxh4 Qg4+ 0-1

[Event "IECG CP.2001.P.00032"]
[Site "IECG email"]
[Date "2001.10.01"]
[Round "?"]
[White "Molinier, David"]
[Black "Jimenez Arteaga, Angel"]
[Result "0-1"]
[WhiteElo "800"]
[BlackElo "2234"]
[PlyCount "64"]
[EventDate "2001.10.01"]
[EventType "tourn (corr)"]
[EventRounds "6"]
[SourceTitle "Corr 2008"]
[Source "ChessBase"]
[SourceDate "2008.06.24"]
[SourceVersion "1"]
[SourceVersionDate "2008.06.24"]
[SourceQuality "1"]

1. d4 d5 2. c4 c6 3. Bg5 dxc4 4. Nf3 Nf6 5. Bxf6 exf6 6. e3 b5 7. Qd2 Be6 8. Be2 a5 9. Nc3 Bd6 10. 0-0 0-0 11. Rfd1 Na6 12. d5 cxd5 13. Nxd5 Bb8 14. Nc3 Qb6 15. Nd4 Bd7 16. Bf3 Ra7 17. Nd5 Qd6 18. g3 Nb4 19. Nxb4 axb4 20. b3 Qc5 21. bxc4 bxc4 22. Qc1 Ba4 23. Nb3 Qc7 24. Nd4 Bxd1 25. Qxd1 Qc5 26. Nc6 Ra6 27. Nd4 Be5 28. Be2 Rd6 29. Rc1 Bxd4 30. exd4 Rxd4 31. Qf1 c3 32. Rc2 Rfd8 0-1

[Event "IECG CP.2001.P.00032"]
[Site "IECG email"]
[Date "2001.10.01"]
[Round "?"]
[White "Molinier, David"]
[Black "Richkov, Sergei"]
[Result "0-1"]
[WhiteElo "800"]
[BlackElo "1506"]
[PlyCount "46"]
[EventDate "2001.10.01"]
[EventType "tourn (corr)"]
[EventRounds "6"]
[SourceTitle "Corr 2008"]
[Source "ChessBase"]
[SourceDate "2008.06.24"]
[SourceVersion "1"]
[SourceVersionDate "2008.06.24"]
[SourceQuality "1"]

1. d4 d5 2. Nc3 Nf6 3. g3 Bf5 4. Bg2 e6 5. Bf4 Be7 6. Be5 Nbd7 7. Nf3 Nxe5 8. dxe5 Nd7 9. 0-0 c6 10. Re1 Qc7 11. e4 dxe4 12. Nxe4 Nxe5 13. Nc3 Nxf3+ 14. Bxf3 0-0 15. Qe2 Rad8 16. a3 Qb6 17. Na4 Qa5 18. Nc3 Bf6 19. Qc4 Bxc2 20. b4 Qf5 21. Ra2 Bd3 22. Bg4 Bxc4 23. Bxf5 Bxc3 0-1

[Event "IECG CP.2001.P.00032"]
[Site "IECG email"]
[Date "2001.10.01"]
[Round "?"]
[White "Molinier, David"]
[Black "Scarani, Antonio"]
[Result "0-1"]
[WhiteElo "800"]
[BlackElo "1915"]
[PlyCount "50"]
[EventDate "2001.10.01"]
[EventType "tourn (corr)"]
[EventRounds "6"]
[SourceTitle "Corr 2008"]
[Source "ChessBase"]
[SourceDate "2008.06.24"]
[SourceVersion "1"]
[SourceVersionDate "2008.06.24"]
[SourceQuality "1"]

1. d4 d5 2. c4 e6 3. Nf3 c6 4. e3 Nf6 5. Qc2 Nbd7 6. c5 Qc7 7. g3 e5 8. Nxe5 Nxe5 9. Bg2 Ng6 10. Nc3 Be7 11. e4 Nxe4 12. Nxe4 dxe4 13. Qxe4 0-0 14. 0-0 Bf6 15. Be3 Be6 16. b4 Qd7 17. h4 Bf5 18. Qf3 Bg4 19. Qe4 Rfe8 20. Qd3 Ne5 21. Qc3 Nf3+ 22. Bxf3 Bxf3 23. Kh2 Qg4 24. Rh1 Bxh4 25. Kg1 Bxg3 0-1